Normal view
MARC view
- Smith , Alex G
Entry Personal Name
001 - CONTROL NUMBER
- control field: 6862
003 - CONTROL NUMBER IDENTIFIER
- control field: OSt
005 - DATE AND TIME OF LATEST TRANSACTION
- control field: 20250108152850.0
008 - FIXED-LENGTH DATA ELEMENTS
- fixed length control field: 250108|| aca||aabn | a|a d
040 ## - CATALOGING SOURCE
- Original cataloging agency: OSt
- Transcribing agency: OSt
100 ## - HEADING--PERSONAL NAME
- Personal name: Smith , Alex G
670 ## - SOURCE DATA FOUND
- Source citation: Work cat.: (OSt)9838: Smith , Alex G ., Radio exploration of the planetary system / , 1966.
